Kliknij Polskie miasto do populacji - Statystyki

Ogólne statystyki
  • Ten quiz został rozwiązany 64 razy
    24 od ostatniego zresetowania
  • Średni wynik to 16 z 30
Statystyki odpowiedzi
Hint Odpowiedź % Poprawnych
Łódź D. powyżej 100 tysięcy
100%
Kraków D. powyżej 100 tysięcy
88%
Andrychów A. poniżej 25 tysięcy
75%
Świnoujście B. 25 do 50 tysięcy
75%
Chojnice B. 25 do 50 tysięcy
75%
Łowicz B. 25 do 50 tysięcy
75%
Zakopane B. 25 do 50 tysięcy
75%
Olsztyn D. powyżej 100 tysięcy
75%
Zabrze D. powyżej 100 tysięcy
75%
Przasnysz A. poniżej 25 tysięcy
63%
Bolesławiec B. 25 do 50 tysięcy
63%
Ciechanów B. 25 do 50 tysięcy
63%
Piotrków Trybunalski C. 50 do 100 tysięcy
63%
Płock D. powyżej 100 tysięcy
63%
Gostyń A. poniżej 25 tysięcy
50%
Reda B. 25 do 50 tysięcy
50%
Marki B. 25 do 50 tysięcy
50%
Chorzów D. powyżej 100 tysięcy
50%
Ruda Śląska D. powyżej 100 tysięcy
50%
Sandomierz A. poniżej 25 tysięcy
38%
Świebodzin A. poniżej 25 tysięcy
38%
Pisz A. poniżej 25 tysięcy
38%
Jarosław B. 25 do 50 tysięcy
38%
Jastrzębie-Zdrój C. 50 do 100 tysięcy
38%
Łomża C. 50 do 100 tysięcy
38%
Stalowa Wola C. 50 do 100 tysięcy
38%
Włocławek C. 50 do 100 tysięcy
25%
Świdnica C. 50 do 100 tysięcy
25%
Tarnów D. powyżej 100 tysięcy
25%
Rumia C. 50 do 100 tysięcy
13%
Nie znaleziono quizów pasujących do podanych kryteriów
Rozkład punktacji
Procent ludzi z każdym wynikiem
Percentyl według liczby udzielonych odpowiedzi
Twoja historia wyników
Nie rozwiązałeś tego quizu od ostatniego zresetowania